Pays par image de dirigeant - 1850 - Statistiques

Statistiques générales
  • Ce quiz a été pris 203 fois
  • Le résultat moyen est 9 sur 16
Statistiques - réponses
Par images Hint Réponse % Correct
Nikolay I Russie
97%
Louis-Napoléon Bonaparte France
95%
Franz Joseph I Autriche
90%
Kōmei Japon
90%
Zachary Taylor Etats-Unis
83%
Isabella II Espagne
80%
Friedrich Wilhelm IV Prusse
65%
Abdulmejid I Empire ottoman
54%
Pedro II Brésil
48%
Pius IX États pontificaux
41%
Fernando II Portugal
38%
Faustin I Haïti
24%
Willem III Pays-Bas
24%
Mpande Zoulou
19%
Maximilian II Bavière
18%
Vittorio Emanuele II Royaume de Sardaigne
18%
Aucun quiz correspondant
Distribution des résultats
% des personnes avec chaque résultat
Percentile par nombre de réponses
Votre historique - résultats
Vous n’avez pas pris ce quiz